Sociografía de Bolivia

Bewaard in:
Bibliografische gegevens
Hoofdauteur: Galindo Cueto, Javier
Formaat: Texto
Gepubliceerd in: San José :
Tags: Voeg label toe
Geen labels, Wees de eerste die dit record labelt!

MARC

LEADER 00000 a a2200000 04500
001 17703
003
040
090 |a 000800  
100 |a Galindo Cueto, Javier  
245 |a Sociografía de Bolivia  
260 |a San José :  
300 |a 13 p  
999 |c 1512  |d 1512